[Event "Saint Louis Invitational A 2017"]
[Site "Saint Louis"]
[Date "2017.11.19"]
[Round "3"]
[White "Shetty, Atulya"]
[Black "Ashwin, Jayaram"]
[Result "0-1"]
[WhiteElo "2403"]
[BlackElo "2474"]
[Annotator "TA"]
[PlyCount "104"]
[EventDate "2017.??.??"]
[EventType "tourn"]
[EventCountry "USA"]
[SourceTitle "playchess.com"]
[Source "ChessBase"]
[SourceQuality "1"]

{[%evp 14,104,7,-12,55,33,51,21,16,23,37,32,23,6,9,-29,-42,-33,-26,-22,-17,-17,-10,-6,-27,-14,-18,-91,-85,-120,-126,-125,-118,-132,-112,-118,-125,-120,-126,-122,-127,-115,-107,-107,-88,-88,-88,-88,-88,-84,-78,-96,-85,-124,-122,-106,-110,-149,-95,-256,-265,-260,-254,-265,-258,-270,-221,-224,-214,-214,-218,-228,-229,-229,-234,-363,-361,-348,-364,-358,-339,-366,-354,-411,-397,-396,-386,-518,-510,-583,-554,-1793,-1545]} 1. c4 e5 2. g3 Nf6 3. Bg2 c6 4. d4 e4 5. Nc3 d5 6. Bg5 {A20: English Opening: 1...e5} (6. cxd5 cxd5 7. Nh3 Bb4 8. O-O Bxc3 9. bxc3 O-O 10. f3 exf3 11. Rxf3 h6 12. Qf1 Nbd7 {½-½ (50) Aronian,L (2785)-Anand,V (2779) Doha 2016}) 6... Nbd7 7. cxd5 cxd5 8. f3 {[%cal Rf3e4] LiveBook: 8 Games. The position is equal.} Qa5 $146 (8... Bb4 $11) ({Predecessor:} 8... h6 9. Be3 Bb4 10. Qb3 Qe7 11. Kf2 Bxc3 12. Qxc3 O-O {1-0 (44) Kovalenko,I (2680)-Efanov,N (2399) Minsk 2015}) 9. Bd2 {[%cal Rf3e4]} exf3 10. Bxf3 (10. exf3 {feels hotter.} Qb6 11. Nge2 Bd6 12. O-O O-O 13. Bf4) 10... Bb4 $1 11. Nh3 {[%cal Bg1h3,Bh3f4,Bf4d3,Bd3e5][%mdl 32]} O-O 12. Nf4 {[%cal Rc3d5]} Nb6 {[%cal Bd7b6,Bb6c4,Bc4d2][%mdl 32]} 13. Nd3 Bg4 14. Nb1 Bxd2+ 15. Qxd2 Qa4 16. Ne5 Nc4 17. b3 Bxf3 18. bxa4 Nxd2 19. exf3 Nc4 $36 {[%mdl 2048] Black has good play.} 20. Nd2 (20. Nxc4 $11 dxc4 21. Nc3) 20... Rac8 $17 21. Rb1 Na3 22. Rd1 Nc2+ 23. Kf2 Nxd4 24. Rc1 Rfe8 {White must now prevent ...Rxc1.} 25. Rxc8 Rxc8 26. Rb1 Rc7 27. Ke3 Ne6 28. Nb3 {[#]} d4+ $1 {[%mdl 512]} 29. Kd2 (29. Nxd4 Nd5+) 29... Nd5 30. Rc1 Rxc1 31. Nxc1 {[%mdl 4096] Endgame KNN-KNN} Kf8 32. Kd3 f6 33. Nc4 Nb4+ 34. Ke4 Ke7 35. a3 Nc6 ({Black should try} 35... Na6 36. Nb3 Ng5+ 37. Kd3 Nxf3) 36. Nb3 $2 (36. f4 $17) 36... Ng5+ $19 37. Kd5 Nxf3 38. h4 d3 39. Ke4 Nfe5 40. Nb2 Kd6 41. Nc1 d2 42. Nb3 {[#]} d1=Q $1 43. Nxd1 Nc4 44. Nd4 (44. g4 {is a better defense.}) 44... Nd2+ ({Not} 44... Nxa3 45. Nf5+ Kc5 46. Nxg7 $17) 45. Kd3 {Threatens to win with Nxc6.} Nxd4 46. Kxd4 {KN-KN} Nf1 47. g4 Nh2 48. Ne3 Nf3+ 49. Ke4 Nxh4 50. Nc4+ Kc5 {Black is clearly winning.} 51. Na5 b6 52. Nb7+ Kc6 {Precision: White = 43%, Black = 83%.} 0-1

[Event "Saint Louis Invitational A 2017"]
[Site "Saint Louis"]
[Date "2017.11.19"]
[Round "4"]
[White "Chirila, Ioan-Cristian"]
[Black "Burke, John M"]
[Result "1/2-1/2"]
[WhiteElo "2557"]
[BlackElo "2502"]
[Annotator "TA"]
[PlyCount "100"]
[EventDate "2017.??.??"]
[EventType "tourn"]
[EventCountry "USA"]
[SourceTitle "playchess.com"]
[Source "ChessBase"]
[SourceQuality "1"]

{[%evp 11,100,-11,-8,-77,-50,-47,-58,-63,-60,-85,-50,-61,-23,-70,-54,-56,-41,-46,-33,-40,-33,-73,-54,-55,-55,-58,-49,-67,-50,-68,-67,-64,-56,-89,-94,-93,-75,-95,-89,-87,0,0,0,0,0,-34,-12,-24,-19,-42,-33,-40,-17,-18,0,0,-5,-15,0,0,0,-14,0,0,0,0,0,0,0,0,0,0,0,0,0,0,0,0,0,0,0,0,0,0,0,0,0,0,0,0,0]} 1. d4 d5 2. Bf4 c5 3. e3 Nc6 4. Nf3 Nf6 5. c3 Qb6 6. Qc1 {D02: 1 d4 d5 2 Nf3 sidelines, including 2...Nf6 3 g3 and 2...Nf6 3 Bf4} (6. Qb3 c4 7. Qc2 Bf5 8. Qc1 h6 9. h3 e6 10. Nbd2 Be7 11. Be2 Qd8 12. Ne5 Nxe5 13. Bxe5 O-O 14. O-O b5 15. Re1 Ne4 16. Bf3 Ng5 17. Bd1 {½-½ (36) Stupak,K (2573)-Gelfand,B (2729) Tbilisi 2017}) 6... Nh5 {LiveBook: 12 Games} 7. Bg5 (7. dxc5 $11 Qxc5 8. Bc7) 7... h6 8. Bh4 {Black is slightly better.} g5 9. Bg3 Bg7 10. Nbd2 Nxg3 11. hxg3 Bf5 $146 {[%cal Rc5d4]} ({Predecessor:} 11... cxd4 12. exd4 g4 13. Nh4 Nxd4 14. cxd4 Bxd4 {0-1 (38) Hribar,J (2000)-Hribersek,J (2305) ICCF email 1999}) 12. Be2 O-O 13. O-O Rac8 {[%cal Rc5d4]} 14. Nb3 c4 15. Nbd2 Qc7 16. Nh2 e5 17. dxe5 Nxe5 18. Ndf3 Nd3 19. Qd2 Qb6 20. Bxd3 Bxd3 21. Rfd1 Rfe8 22. Nd4 Bxd4 23. cxd4 a5 24. Nf3 Qb4 25. Qc1 Be2 (25... f6 $17) 26. Re1 $11 Bxf3 27. gxf3 b5 28. a4 Rb8 29. axb5 Rxb5 30. Re2 Qd6 31. Qd2 Qb6 32. Kg2 {The position is equal.} Rb8 33. Ra2 Kg7 34. e4 Qf6 35. Re3 Qb6 36. Re2 Qf6 37. Re3 {[%cal Be2e3,Be3a3,Ba3a5][%mdl 32]} Qb6 {[%cal Rb5b2]} (37... Qd6 {seems wilder.} 38. Rea3 Rb3 39. Rxb3 Rxb3 40. Rxa5 dxe4 41. fxe4 Rd3) 38. Rea3 {[%cal Ra3a5]} Rxb2 39. Rxb2 Qxb2 40. Qxb2 Rxb2 41. Rxa5 dxe4 42. fxe4 {[%mdl 4096] Endgame KR-KR} Rd2 43. d5 Kf6 44. d6 Ke6 45. Rc5 Rd4 46. e5 g4 47. f4 gxf3+ 48. Kxf3 f6 49. exf6 Kxf6 50. Ke3 Rxd6 {Precision: White = 73%, Black = 54%.} 1/2-1/2

[Event "Saint Louis Invitational A 2017"]
[Site "Saint Louis"]
[Date "2017.11.19"]
[Round "4"]
[White "Sadorra, Julio Catalino"]
[Black "Hambleton, Aman"]
[Result "1/2-1/2"]
[WhiteElo "2554"]
[BlackElo "2484"]
[Annotator "TA"]
[PlyCount "142"]
[EventDate "2017.??.??"]
[EventType "tourn"]
[EventCountry "USA"]
[SourceTitle "playchess.com"]
[Source "ChessBase"]
[SourceQuality "1"]

{[%evp 22,141,0,3,5,14,11,13,20,18,18,20,27,14,7,0,0,0,0,-6,0,0,0,0,0,0,0,0,0,0,0,-38,-21,-36,-22,-33,-29,-21,-31,-19,-31,-23,-29,-41,-37,-39,-29,-81,-29,-119,-118,-253,-243,-252,-240,-248,-162,-162,-162,-162,-162,-162,-162,-162,-162,-162,-162,-162,-162,-394,-394,-394,-394,-386,-208,-386,-208,-379,-208,-364,-181,-181,-181,-181,-181,-181,-23,-181,-181,-200,-181,-181,-85,-181,-85,-192,-199,-200,-200,-200,-200,-200,-200,-200,-199,-199,-164,-164,-164,-165,-93,-85,0,0,0,0,0,0,0,0,0,0]} 1. d4 Nf6 2. c4 e6 3. Nc3 Bb4 4. Qc2 O-O 5. e4 d5 6. e5 Ne4 7. Bd3 c5 8. Nf3 {E32: Nimzo-Indian: Classical (4 Qc2): 4...0-0} cxd4 9. Nxd4 Nd7 10. Bf4 Ndc5 11. O-O Bxc3 12. bxc3 {LiveBook: 85 Games} Nxd3 13. Qxd3 b6 14. cxd5 Qxd5 15. Rfd1 Nc5 {[#]} 16. Qg3 $146 Qe4 17. Bg5 {Threatens to win with f3.} Bb7 18. Nf3 Qg6 19. Nh4 Qh5 $1 {Strongly threatening ...Ne4.} 20. Bf6 {[%csl Gf6][%cal Rg3g7]} Qh6 {White must now prevent ...Ne4.} 21. f3 $1 Rfe8 22. Bg5 Qh5 23. Bf6 $1 {[%csl Gf6][%cal Rg3g7]} Qh6 24. Qg4 g6 25. Bg5 Qf8 26. Bf6 b5 27. Rd4 Bd5 28. Qf4 Nd7 29. Nf5 $1 {[%cal Rf5h6]} exf5 30. Rxd5 Nxf6 31. exf6 Re6 32. Qd4 a6 33. Rd1 h5 34. Qh4 (34. h3 $11 {remains equal.}) 34... Rae8 (34... Qa3 $17 35. Qb4 Qxb4 36. cxb4 Rxf6) 35. Qg5 (35. h3 $1 $11 {keeps the balance.}) 35... Qa3 $17 36. R5d3 (36. h3 $17) 36... Qc5+ $19 ({Resist} 36... Qxa2 37. Rd8 $17) 37. Rd4 Qxc3 $40 {[%mdl 128] Black attacks with force.} ({Don't do} 37... Re1+ 38. Rxe1 Rxe1+ 39. Kf2 $17) 38. h4 Qe3+ 39. Qxe3 Rxe3 {[%mdl 4096] Endgame KRR-KRR} 40. a4 bxa4 $1 41. Kf2 R3e6 42. Rxa4 Rxf6 43. Rd7 Rc6 44. Kg3 Re2 45. Ra7 $2 (45. Rb4) 45... Rcc2 46. Rd4 Rxg2+ 47. Kf4 {intending Rd8+.} Rgd2 (47... Rc6 $142 48. Rdd7 Rf6 49. Ra8+ Kg7) 48. Rb4 $2 (48. Rxd2 {might work better.} Rxd2 49. Ra8+ Kg7 50. Rxa6) 48... Rb2 (48... Rc6 $142 49. Rbb7 Rf6 50. Ra8+ Kg7) 49. Rc4 $2 (49. Rxb2 {was called for.} Rxb2 50. Rxa6) 49... Rdc2 (49... Rb6 $142 50. Rcc7 Rf6) 50. Rd4 $2 (50. Rxc2 Rxc2 51. Ra8+ Kg7 52. Rxa6) 50... Rb8 (50... Rb6 $142 51. Rdd7 Rf6) 51. Rdd7 Rf8 $1 52. Rxa6 Kg7 $1 53. Kg5 Rg2+ 54. Kf4 Rg1 $1 55. Raa7 Rh1 56. Kg5 Rh3 (56... Re1 $19 {has better winning chances.} 57. Rac7 Rg1+ 58. Kf4 Ra1) 57. Ra6 (57. Rd3 $17) 57... Rg3+ ({And not} 57... Rxf3 58. Rxg6+ Kh8 59. Rf6 $11) 58. Kf4 {[#]} Rg2 $1 59. Raa7 Rb2 60. Ra6 Kh6 61. Ke5 Rb5+ 62. Kf4 Rb4+ 63. Kg3 f4+ 64. Kh3 {[#]} Rb3 $1 {[%cal Rb3f3]} 65. Kg2 Rb2+ (65... Rc8 $19 {( -> ...Rc2+)} 66. Ra2 f6) 66. Kh3 $17 Rf2 {[#]} (66... Rb4 $17 {Hoping for ...Rb3.} 67. Ra2 Kg7) 67. Rxg6+ $3 $11 {[%mdl 512] The position is equal.} Kxg6 (67... fxg6 $5 68. Rh7+ $8 Kxh7 $11) 68. Rd6+ $1 Kf5 69. Rd5+ Kf6 70. Rd6+ Ke5 71. Rd5+ Kxd5 $4 {[%mdl 8192] Precision: White = 56%, Black = 59%.} (71... Ke6 72. Re5+ Kd6 73. Rd5+ Ke6 74. Rd6+ Ke7 75. Re6+ fxe6) 1/2-1/2

[Event "Saint Louis Invitational A 2017"]
[Site "Saint Louis"]
[Date "2017.11.19"]
[Round "4"]
[White "Ashwin, Jayaram"]
[Black "Sturt, Raven"]
[Result "1/2-1/2"]
[WhiteElo "2474"]
[BlackElo "2449"]
[Annotator "TA"]
[PlyCount "58"]
[EventDate "2017.??.??"]
[EventType "tourn"]
[EventCountry "USA"]
[SourceTitle "playchess.com"]
[Source "ChessBase"]
[SourceQuality "1"]

{[%evp 11,58,18,59,56,95,53,60,28,36,33,45,2,5,0,0,-3,47,-3,18,-26,-12,-13,-11,-55,-52,-54,-56,-252,-246,-227,-179,-181,-181,-162,-153,-149,27,23,24,18,27,25,27,0,0,0,43,0,0]} 1. d4 d5 2. c4 c6 3. cxd5 cxd5 4. Bg5 (4. Bf4 Nc6 5. e3 Bf5 6. Nc3 e6 7. Qb3 Bb4 8. Bb5 Qa5 9. Bxc6+ bxc6 10. Rc1 Qb6 11. Nge2 Bd3 12. f3 Bc4 {0-1 (34) Rakhmanov,A (2654)-Fedoseev,V (2733) Sochi 2017}) 4... g6 5. Nc3 Bg7 6. e3 {D10: Slav Defence: 3 cxd5 (without early Nf3) and 3 Nc3} Nf6 {LiveBook: 3 Games} 7. Qb3 Ne4 $146 ({Predecessor:} 7... e6 8. Nf3 O-O 9. Bd3 Qa5 10. O-O Nc6 11. a3 a6 12. Rac1 Nd7 13. Bf4 f5 14. Na4 Qd8 15. Nc5 Nxc5 16. Rxc5 Rf7 17. Rfc1 {½-½ (65) Wrede,S (2149)-Kohl,H (2127) Baden 2011}) 8. Bb5+ {White is better.} Nc6 9. Nxe4 dxe4 10. Ne2 O-O 11. Nc3 h6 $36 {[%mdl 2048] Black has the initiative.} 12. Bh4 g5 13. Bg3 e5 (13... Be6 $5 {[%cal Re6b3]} 14. Qc2 f5 $11) 14. dxe5 ({Of course not} 14. Nxe4 Be6 $17) 14... Nxe5 15. O-O Be6 16. Qb4 Nd3 17. Bxd3 exd3 18. Rfd1 Qd7 19. Bd6 $2 ({Better is} 19. Ne4 $15) 19... a5 $19 20. Qa3 Rfd8 21. Rxd3 {[#]} b5 $1 {[%cal Rb5b4]} 22. Rad1 Qc6 {[%mdl 1024] Black has strong compensation.} 23. Nd5 {Strongly threatening Ne7+.} Kh8 $2 (23... Kh7 $17 {Hoping for ...b4.} 24. Ne7 Qc2) 24. Ne7 $1 $11 {[%cal Re7c6]} Qe4 25. f3 Qc4 26. b3 Qc2 27. R1d2 Qb1+ 28. Rd1 Qc2 29. R1d2 Qb1+ {Precision: White = 49%, Black = 50%.} 1/2-1/2

[Event "Saint Louis Invitational A 2017"]
[Site "Saint Louis"]
[Date "2017.11.19"]
[Round "4"]
[White "Bartholomew, John"]
[Black "Gurevich, Daniel"]
[Result "0-1"]
[WhiteElo "2442"]
[BlackElo "2471"]
[Annotator "TA"]
[PlyCount "95"]
[EventDate "2017.??.??"]
[EventType "tourn"]
[EventCountry "USA"]
[SourceTitle "playchess.com"]
[Source "ChessBase"]
[SourceQuality "1"]

{[%evp 27,95,6,25,14,39,25,18,12,27,23,18,20,27,-11,-10,-10,-9,-53,-39,-43,-16,-14,-28,-18,-31,-69,-69,-50,-46,-57,-64,-70,-21,-67,-60,-62,-66,-56,-66,-63,-85,-226,-204,-449,-431,-512,-476,-522,-384,-589,-608,-599,-543,-568,-557,-428,-463,-461,-461,-370,-321,-1540,-1495,-1094,-977,-2095,-1787,-1948,-1600,-1214]} 1. d4 d5 2. c4 dxc4 3. Nf3 Nf6 4. e3 e6 5. Bxc4 c5 6. O-O Nc6 7. a3 a6 8. dxc5 Qxd1 9. Rxd1 Bxc5 10. b4 Be7 11. Bb2 O-O 12. Nbd2 b5 13. Be2 Bb7 14. Nb3 {D27: Queen's Gambit Accepted: Classical main line: 7 e4!? and 7 a4} Rfd8 {[#] LiveBook: 5 Games} 15. Nfd2 $146 ({Predecessor:} 15. Rxd8+ Rxd8 16. Rc1 Nd7 17. Nfd2 Rc8 18. Bf3 f6 19. Ne4 Kf8 20. Nec5 Nxc5 21. Nxc5 Bxc5 22. Rxc5 {½-½ (33) Drozdovskij,Y (2620)-Anastasian,A (2566) Abu Dhabi 2009}) 15... Nd7 16. Bf3 {White is slightly better.} Rab8 17. Rac1 Nde5 18. Bxe5 Nxe5 19. Bxb7 Rxb7 20. Ne4 {aiming for Rxd8+.} Rxd1+ 21. Rxd1 Nc4 22. Nec5 Ra7 $1 23. g3 g5 24. Rd7 Rxd7 25. Nxd7 Nxa3 $11 {[%mdl 4096] Endgame KBN-KNN} 26. Ndc5 Nc2 27. Nxa6 Bd6 28. Nd4 Nxd4 29. exd4 $15 {KB-KN} g4 30. f4 Kf8 31. Kf2 Ke7 32. Nc5 Kd8 33. Ke3 Kc7 34. Ke4 (34. Ne4 $17) 34... Kc6 $19 35. Na6 $2 {[#]} (35. f5 exf5+ 36. Kxf5) 35... f5+ 36. Kd3 Kd5 37. Nc5 h5 38. Ke3 (38. Na6 {was called for.} h4 39. Ke3) 38... Be7 39. Kd3 Bf6 40. Na6 Bd8 41. Ke3 Kd6 42. Nc5 Bf6 43. Na6 h4 {[%cal Bh5h4,Bh4h3][%mdl 32]} 44. Kd3 $2 (44. gxh4 Bxh4 45. Ke2) 44... h3 {Black is clearly winning.} 45. Ke3 Kc6 46. Nc5 Kd5 47. Kd3 {[#]} Bh4 $1 {[%mdl 512]} 48. gxh4 {Precision: White = 33%, Black = 80%.} 0-1

[Event "Saint Louis Invitational A 2017"]
[Site "Saint Louis"]
[Date "2017.11.19"]
[Round "4"]
[White "Shetty, Atulya"]
[Black "Zierk, Steven"]
[Result "0-1"]
[WhiteElo "2403"]
[BlackElo "2493"]
[Annotator "TA"]
[PlyCount "142"]
[EventDate "2017.??.??"]
[EventType "tourn"]
[EventCountry "USA"]
[SourceTitle "playchess.com"]
[Source "ChessBase"]
[SourceQuality "1"]

{[%evp 18,142,0,0,0,0,0,0,0,-5,7,0,0,0,0,0,0,0,0,0,0,0,4,20,18,0,0,0,0,-16,-27,-10,0,0,-2,0,0,-39,-34,-34,-42,-44,-27,-31,0,-87,-88,-90,-79,-59,-95,-26,-57,-82,-46,-142,0,0,456,-28,-77,-171,-151,-176,-183,-569,-113,-432,-425,-362,-251,-334,-229,-210,-190,-197,-147,-123,-133,-160,-131,-157,-143,-150,-145,-174,-158,-143,-140,-249,0,0,0,-244,-231,-220,-158,-602,-560,-569,0,-510,-532,-502,-388,-347,-360,-369,-372,-887,-893,-1104,-1013,-1291,-805,-1567,-1529,-2159,-1867,-29983,-29947,-29984,-29985,-29985,-29986,-29986,-29986]} 1. d4 d5 2. c4 c6 3. Nf3 Nf6 4. Qc2 dxc4 5. e4 (5. Qxc4 Bf5 6. g3 e6 7. Bg2 Nbd7 8. O-O Nb6 9. Qb3 Qd5 10. Nbd2 Be7 11. e3 Qxb3 12. Nxb3 Be4 13. Ne5 Bxg2 14. Kxg2 Nfd7 15. Nd3 Nc4 16. Bd2 Nxd2 17. Nxd2 c5 18. dxc5 Nxc5 19. Nxc5 Bxc5 20. Rac1 Bb6 21. Nc4 {½-½ (21) Li,C (2744)-Sevian,S (2620) Tbilisi 2017}) 5... b5 6. b3 {D11: Slav Defence: 3 Nf3 sidelines and 3...Nf6 4 e3 Bg4} cxb3 7. axb3 Bb7 8. Bd2 a5 9. Bd3 e6 10. O-O {LiveBook: 31 Games} h6 11. Rc1 Be7 12. Nc3 Na6 13. e5 $146 Nd7 14. Be2 b4 15. Ne4 O-O 16. Be3 Nc7 17. Qd2 f5 18. exf6 Nxf6 19. Qc2 Ncd5 20. Bd2 Ba6 21. Bxa6 Rxa6 22. Qd3 Qa8 23. Ne5 Nxe4 24. Qxe4 Bf6 25. Nd7 Rf7 26. Nc5 Raa7 27. Re1 Rfe7 28. Bf4 Nxf4 29. Qxf4 Qd8 30. Rad1 Qd5 31. Qg4 (31. Qb8+ $11 {remains equal.} Kh7 32. Nxe6) 31... Ra8 {[%cal Ba7a8,Ba8d8,Bd8e8][%mdl 32]} 32. Re3 {[%cal Rc5e6]} Rd8 33. Nxe6 Rde8 34. Rde1 (34. Nc7 $17 Rxe3 35. fxe3 Qxb3 36. Nxe8 Qxe3+ 37. Kf1 Qxe8 38. d5) 34... Qd6 $11 35. h4 Kf7 {[%cal Re7e6]} 36. Nf4 (36. Nc5 $1 $15) 36... Rxe3 (36... Bxd4 $17 37. Qh5+ Kg8 38. Rxe7 Rxe7 39. Rxe7 Qxe7) 37. Rxe3 ({Of course not} 37. fxe3 Bxd4 38. Kh1 Kg8 $17) 37... Bxd4 $2 {[%mdl 8192]} (37... Rxe3 $11 {and Black has nothing to worry.} 38. fxe3 Qe7) 38. Rxe8 $2 (38. Qf5+ $18 Qf6 39. Qd7+ Re7 40. Rxe7+ Qxe7 41. Qxd4) 38... Kxe8 39. Qc8+ (39. g3 $17) 39... Kf7 40. Qf5+ Bf6 $1 41. Ng6 $2 (41. Qh5+ Ke7 42. Qf3) 41... Qd1+ 42. Kh2 Qd5 $1 {[%cal Rd5f5]} 43. Qb1 Qd4 ({Less strong is} 43... Qh5 44. Nh8+ Kg8 45. Ng6 $17) 44. h5 Be5+ ({Don't take} 44... Qxf2 45. Qe4 $19) 45. Kh3 Qd7+ 46. g4 Qd5 {( -> ...Qf3+)} 47. Nxe5+ Qxe5 $17 {[%mdl 4096] Endgame KQ-KQ} 48. Qg6+ Ke7 $1 49. f3 Kd7 50. Qf7+ Kd6 51. Qf8+ Kc7 {White must now prevent ...Qf6.} 52. Qa8 Kb6 53. Qd8+ (53. Qf8 $17 {was called for.}) 53... Kb5 $2 ({Black should play} 53... Qc7 $19 54. Qg8 a4 $1 {[%mdl 512]} 55. bxa4 Qb7) 54. Qd3+ $11 Kc5 {aiming for ...Qc3.} 55. Qc4+ $2 {[#]} (55. Qd8 $1 $11) 55... Kb6 $1 $19 56. Qg8 c5 57. Qd8+ $2 (57. Qa8 $17) 57... Qc7 58. Qd5 {[#]} Qb7 $2 ({Better is} 58... a4 $1 $19 {[%mdl 512] ...a3 is the strong threat.} 59. bxa4 Qc6) 59. Qd6+ $2 {[%mdl 8192]} (59. Qd8+ $11 {and White stays safe.} Qc7 60. Qe8) 59... Qc6 60. Qd8+ Ka6 61. Qd3+ {[#]} c4 $1 {[%mdl 512]} 62. bxc4 a4 {[%cal Ba5a4,Ba4a3,Ba3a2][%mdl 32]} 63. g5 $2 (63. Kg3) 63... a3 64. Qb3 Ka5 65. Qe3 Qd7+ 66. Kg2 a2 67. Qe5+ Ka4 68. gxh6 gxh6 {Black mates.} 69. c5 Qd2+ 70. Kh3 Qc3 71. Qe8+ Ka3 {Precision: White = 39%, Black = 73%.} 0-1

[Event "Saint Louis Invitational A 2017"]
[Site "Saint Louis"]
[Date "2017.11.20"]
[Round "5"]
[White "Burke, John M"]
[Black "Shetty, Atulya"]
[Result "1/2-1/2"]
[WhiteElo "2502"]
[BlackElo "2403"]
[Annotator "TA"]
[PlyCount "104"]
[EventDate "2017.??.??"]
[EventType "tourn"]
[EventCountry "USA"]
[SourceTitle "playchess.com"]
[Source "ChessBase"]
[SourceQuality "1"]

{[%evp 31,104,29,37,1,0,13,35,0,0,0,8,0,39,38,29,1,0,0,39,39,39,39,39,39,50,0,0,0,0,0,0,0,0,0,0,-88,0,0,0,0,0,-7,-10,-128,-121,-223,-8,-8,-8,-8,-8,-8,-8,-8,-8,-8,-8,-8,-8,-31,-10,-88,0,0,0,-8,-8,-8,-8,-8,-8,-8,-8,-8,-8]} 1. e4 e6 2. d4 d5 3. Nd2 c5 4. Ngf3 cxd4 5. exd5 Qxd5 6. Bc4 Qd6 7. O-O Nf6 8. Nb3 Nc6 9. Nbxd4 Nxd4 10. Nxd4 a6 11. Re1 Qc7 12. Qe2 Bd7 {C07: Französische Verteidigung (Tarrasch-Variante)} (12... Bd6 13. Bg5 O-O 14. Bxf6 gxf6 15. Bd3 f5 16. Qh5 Be5 17. c3 Kh8 18. Re3 Rg8 19. Rae1 Bxd4 20. cxd4 {½-½ (44) Sjugirov,S (2673)-Goganov,A (2632) Moscow 2017}) 13. Bg5 O-O-O 14. Rad1 Bb4 15. c3 Bd6 16. h3 Kb8 {LiveBook: 3 Partien} 17. Nf3 h6 $146 ({Vorgänger:} 17... Rc8 18. Bb3 Rhd8 19. Ne5 Be8 20. Bf4 {1-0 (47) Ankit,R (2506)-Miedema,D (2390) Iasi 2014}) 18. Bh4 Ka7 19. Bg3 Bxg3 20. fxg3 Bc6 21. Ne5 Be4 22. Rxd8 Rxd8 23. Nxf7 Qxf7 24. Qf2+ Ka8 {[#]} 25. Rxe4 $1 {[%mdl 512]} Qc7 (25... Nxe4 26. Qxf7) 26. Rh4 e5 $1 27. Bb3 e4 28. Bc2 Qe5 29. Qe3 $1 Qg5 30. Qb6 Re8 {Und ...Dc1+ würde nun gewinnen.} 31. Ba4 Rc8 32. Rf4 Qxg3 33. Rf2 (33. Rf1 $11) 33... Qe5 (33... e3 $17 34. Rf3 Qe1+ 35. Kh2 e2) 34. Re2 $11 h5 35. Qe3 h4 36. Bc2 {[%cal Rc2e4]} Re8 37. Rd2 {[#]} (37. Re1 $11 {hält das Gleichgewicht.}) 37... Nh5 $1 $17 38. Bxe4 (38. Rd1 $17) 38... Ng3 $2 ({Auf keinen Fall} 38... Qxe4 {[#]} 39. Rd8+ $1 {[%mdl 512]} Rxd8 40. Qxe4) (38... Kb8 $19 {Weiss muss nun ...Sf6 beachten.} 39. Rd7 Qxe4 40. Rd8+ Rxd8 41. Qxe4 Rd1+ 42. Kf2 Rf1+ 43. Ke3 Re1+ 44. Kf3 Rxe4 45. Kxe4 Nf6+ 46. Kf5 Nd5) 39. Rd8+ $1 $11 Rxd8 {[#]} 40. Bxb7+ $1 {[%mdl 512]} Kxb7 41. Qxe5 {[%mdl 4096] Endspiel KD-KTS} Rd1+ 42. Kf2 Rf1+ 43. Ke3 Re1+ 44. Kd4 Rxe5 45. Kxe5 {KS-KB} Kc6 46. a4 $1 g5 (46... Ne2 $17 {Und weiter mit ...Kc5 wäre nett.} 47. Ke4 Nc1) 47. b4 {Die Stellung ist ausgeglichen.} Ne2 {[#]} 48. b5+ $1 {[%mdl 512]} axb5 49. axb5+ Kxb5 50. Kf5 Nf4 51. Kxg5 Nxg2 52. Kg4 Kc4 {Precision: Weiß = 56%, Schwarz = 59%.} 1/2-1/2

[Event "Saint Louis Invitational A 2017"]
[Site "Saint Louis"]
[Date "2017.11.20"]
[Round "5"]
[White "Zierk, Steven"]
[Black "Ashwin, Jayaram"]
[Result "1-0"]
[WhiteElo "2493"]
[BlackElo "2474"]
[Annotator "TA"]
[PlyCount "95"]
[EventDate "2017.??.??"]
[EventType "tourn"]
[EventCountry "USA"]
[SourceTitle "playchess.com"]
[Source "ChessBase"]
[SourceQuality "1"]

{[%evp 31,95,-37,-6,-25,12,28,29,39,34,31,41,41,56,33,46,39,63,19,12,15,19,17,24,25,22,5,5,4,7,8,21,24,19,22,10,10,99,96,86,67,79,70,75,0,0,0,897,975,917,827,654,598,29971,6203,29976,29977,29977,29976,29983,29984,29985,29986,29986,29987,29998,29999]} 1. e4 c6 2. d4 d5 3. Nc3 dxe4 4. Nxe4 Bf5 5. Ng3 Bg6 6. h4 {[%cal Bh2h4,Bh4h5][%mdl 32]} h6 7. Nf3 e6 8. h5 Bh7 9. Bd3 Bxd3 10. Qxd3 Nf6 11. Bd2 Be7 12. O-O-O O-O 13. Kb1 {B19: Classical Caro-Kann: 4...Bf5 main line} (13. Ne4 Nxe4 14. Qxe4 Qd5 15. Qxd5 cxd5 16. g4 Nc6 17. c3 Rac8 18. Rdg1 f6 19. Bf4 e5 20. Be3 Bd6 {0-1 (44) Savchenko,B (2585)-Popov,I (2609) Sochi 2017}) 13... c5 14. Ne4 Nc6 15. Bc3 Nb4 16. Bxb4 cxb4 {LiveBook: 5 Games} 17. Ne5 Nxe4 $146 (17... Nd5 {keeps more tension.} 18. g4 Rc8 19. Rhf1 Bg5 20. Nf3 Nf4) ({Predecessor:} 17... a5 18. Nxf6+ Bxf6 19. Qb5 Qe7 20. Qd7 Rfd8 21. Qxe7 Bxe7 {1-0 (43) Sukandar,I (2392)-Severina,M (2233) Moscow 2015}) 18. Qxe4 Qd5 19. Qxd5 exd5 20. Rhe1 Rfe8 21. Ng4 Bf6 22. Re3 Kf8 23. Nxf6 Rxe3 $14 {[%mdl 4096] Endgame KRR-KRN} 24. Nh7+ (24. fxe3 {with more complications.} gxf6 25. Rd3 Re8 26. Rb3 a5 27. Kc1) 24... Kg8 25. fxe3 Kxh7 $11 {KR-KR} 26. Rf1 Kg8 27. Kc1 Kf8 28. Rf5 Rd8 29. Kd2 Ke7 30. Kd3 Rd6 31. e4 dxe4+ 32. Kxe4 Rc6 33. Kd3 Ra6 (33... a6 $11) 34. Rb5 $16 b6 35. Rxb4 Rxa2 36. b3 Ke6 37. Ra4 (37. g4 $1 $16) 37... Rxa4 $11 38. bxa4 {KP-KP} Kf5 $2 {[%mdl 8192]} (38... g5 $11) 39. Kc4 $1 $18 Ke4 {[#]} 40. c3 $1 a6 41. g4 g5 42. d5 Ke5 {[#]} 43. a5 $1 {[%cal Ra5b6][%mdl 512] White mates.} bxa5 44. Kc5 a4 {[#]} 45. d6 $1 {[%cal Rd6d7]} a3 46. d7 a2 47. d8=Q a1=Q 48. Qd4+ {Precision: White = 87%, Black = 46%.} 1-0